000 00288nam a22001337a 4500
008 171016b xxu||||| |||| 00| 0 eng d
020 _a9780195071269
041 _aeng
080 _a33
100 _a52
101 _aEKO
245 _aBEYOND INTERPENDENCE
_cNEILL,J,M
942 _2udc
_cBK
999 _c34003
_d34003